Quantitatine technoques for decision making / (Record no. 156010)

MARC details
000 -LEADER
fixed length control field 00791nam a22002537a 4500
003 - CONTROL NUMBER IDENTIFIER
control field dpl
005 - DATE AND TIME OF LATEST TRANSACTION
control field 20180818122907.0
008 - FIXED-LENGTH DATA ELEMENTS--GENERAL INFORMATION
fixed length control field 180818b xxu||||| |||| 00| 0 eng d
010 ## - LIBRARY OF CONGRESS CONTROL NUMBER
LC control number B-087188
016 ## - NATIONAL BIBLIOGRAPHIC AGENCY CONTROL NUMBER
Record control number B-087188
020 ## - INTERNATIONAL STANDARD BOOK NUMBER
International Standard Book Number 8120326407
035 ## - SYSTEM CONTROL NUMBER
System control number B-087188
040 ## - CATALOGING SOURCE
Transcribing agency 0
082 ## - DEWEY DECIMAL CLASSIFICATION NUMBER
Classification number 658.4034
100 ## - MAIN ENTRY--PERSONAL NAME
Personal name Gupta.M.P
245 ## - TITLE STATEMENT
Title Quantitatine technoques for decision making /
Statement of responsibility, etc by M.P.Gupta, R.B. Khanna
260 ## - PUBLICATION, DISTRIBUTION, ETC. (IMPRINT)
Place of publication, distribution, etc New Delhi
Name of publisher, distributor, etc Prentice-hall of india private limited
Date of publication, distribution, etc 2004
300 ## - PHYSICAL DESCRIPTION
Extent x, 465p.
Dimensions 25 cm. (Hb)
500 ## - GENERAL NOTE
General note Includes bibliographical references and index
650 ## - SUBJECT ADDED ENTRY--TOPICAL TERM
Topical term or geographic name as entry element Forced migration
Geographic subdivision India
650 ## - SUBJECT ADDED ENTRY--TOPICAL TERM
Topical term or geographic name as entry element Rural poor
General subdivision Rehabilitation
Geographic subdivision India
700 ## - ADDED ENTRY--PERSONAL NAME
Personal name Khanna.R.B.
942 ## - ADDED ENTRY ELEMENTS (KOHA)
Institution code [OBSOLETE] dpl
Koha item type English Books
Call number prefix 658.4034 / GUP
Source of classification or shelving scheme Dewey Decimal Classification
Classification part 658.4034
Call number suffix GUP
Holdings
Withdrawn status Lost status Source of classification or shelving scheme Damaged status Not for loan Collection code Home library Current library Date acquired Source of acquisition Cost, normal purchase price Total Checkouts Full call number Barcode Date last seen Cost, replacement price Price effective from Koha item type
    Dewey Decimal Classification     Non-fiction Shahdara Branch Shahdara Branch 18/08/2018 BPPD/PUB 275.00   658.4034 GUP B-087188 18/08/2018 275.00 18/08/2018 English Books

© Delhi Public Library
Hit Counter
free hit counter